Little tin soldier (The) / (Record no. 111471)
[ view plain ]
| 000 -LEADER | |
|---|---|
| fixed length control field | 00407nam a2200157 a 4500 |
| 001 - CONTROL NUMBER | |
| control field | 1985 |
| 005 - DATE AND TIME OF LATEST TRANSACTION | |
| control field | 20140414131916.0 |
| 008 - FIXED-LENGTH DATA ELEMENTS--GENERAL INFORMATION | |
| fixed length control field | 040110s19uu xx 00 eng d |
| 020 ## - INTERNATIONAL STANDARD BOOK NUMBER | |
| International Standard Book Number | 2-89429-890-0 |
| 050 ## - LIBRARY OF CONGRESS CALL NUMBER | |
| Classification number | ER |
| Item number | L72 1996 |
| 245 ## - TITLE STATEMENT | |
| Title | Little tin soldier (The) / |
| Statement of responsibility, etc | Illustration by Zapp. |
| 260 ## - PUBLICATION, DISTRIBUTION, ETC. (IMPRINT) | |
| Place of publication, distribution, etc | China : |
| Name of publisher, distributor, etc | Tormont, |
| Date of publication, distribution, etc | 1996. |
| 300 ## - PHYSICAL DESCRIPTION | |
| Extent | 29 p ; cm. |
| 650 ## - SUBJECT ADDED ENTRY--TOPICAL TERM | |
| Topical term or geographic name as entry element | Children stories. |
| Withdrawn status | Lost status | Damaged status | Home library | Current library | Shelving location | Date acquired | Source of acquisition | Total Checkouts | Full call number | Barcode | Date last seen | Price effective from | Koha item type |
|---|---|---|---|---|---|---|---|---|---|---|---|---|---|
| Munich Library | Munich Library | Easy Reading Section | 01/10/2004 | ER L72 1996 | M2204 | 04/14/2014 | 04/14/2014 | Books |